Trenčianské Teplice

Zobrazenie: Pohľad z kopca na panorámu mesta, vpravo Hotel Grand. V pozadí sú kopce a lúky

Bibliographic Details
Format: Postcard
Language:Slovak
PhysicalDescription:1 pohľadnica kolorovaná 9 x 14 cm
Published: [Slovensko?] [vydavateľ neznámy] [1920?]
Subjects:

MARC

LEADER 00000ckm a2200000 a 4500
001 vtls011777943
003 SK-MaSNL
005 20260512124723.0
007 kp ho
008 230706q1920 xo g kuslo
015 |a SNBG1920 
035 |a urn:nbn:sk:snk-km00ebau 
035 |a urn:nbn:sk:snk-km43fvd 
035 |a 31D70846-BB6F-4864-9991-2B0432463BEA 
040 |a SNK  |b slo  |c SNK  |e AACR2 
041 0 |a slo 
043 |a e-xo--- 
044 |a xo  |c SK 
072 7 |a 913  |x Regionálna geografia  |2 konspekt 
080 |a 711.455:615.838  |2 2011 
080 |a (084.121)  |2 2011 
080 |a 913(437.6)  |2 2011 
245 0 0 |a Trenčianské Teplice  |h grafika 
260 |a [Slovensko?]  |b [vydavateľ neznámy]  |c [1920?] 
300 |a 1 pohľadnica  |b kolorovaná  |c 9 x 14 cm 
500 |a Názvové údaje prevzaté z obrazovej časti pohľadnice 
520 8 |a Zobrazenie: Pohľad z kopca na panorámu mesta, vpravo Hotel Grand. V pozadí sú kopce a lúky 
650 0 7 |a kúpele  |2 SNKPH  |9 1139 
651 7 |a Trenčianske Teplice (Slovensko)  |2 SNKPHgeo  |9 14503 
655 7 |a miestne pohľadnice  |2 SNKPH  |9 70510 
852 |a Slovenská národná knižnica 
958 |a GC 
958 |a ONDV 
958 |a GBN 
999 |c 943205  |d 945135 
952 |a SNK  |b SNK  |y PREZ  |7 0  |p 17A1335880  |o snkSP 95743  |z Pohľadnica prešla poštou.  |0 0  |1 0  |4 0  |d 2018-09-10  |f 1  |l 0  |r 2026-02-24 09:25:06  |w 2026-02-24